ՀՀ Գիտությունների ազգային ակադեմիայի հիմնարար գիտական գրադարան  =   Fundamental Scientific Library of NAS RA

Ընտիր գազելներ / (Record no. 117633)

MARC details
000 -LEADER
fixed length control field 00963nam a2200217 a 4500
001 - CONTROL NUMBER
control field 000317003
003 - CONTROL NUMBER IDENTIFIER
control field AM-YeHGA
005 - DATE AND TIME OF LATEST TRANSACTION
control field 20250617130442.0
008 - FIXED-LENGTH DATA ELEMENTS--GENERAL INFORMATION
fixed length control field 040311s1940 ai 000 | arm d
040 ## - CATALOGING SOURCE
Original cataloging agency AM-YeHGA
041 1# - LANGUAGE CODE
Language code of text/sound track or separate title arm
090 ## - LOCALLY ASSIGNED LC-TYPE CALL NUMBER (OCLC); LOCAL CALL NUMBER (RLIN)
-- 118981
100 1# - MAIN ENTRY--PERSONAL NAME
Personal name Նիզամի Գյանջևի
245 10 - TITLE STATEMENT
Title Ընտիր գազելներ /
Statement of responsibility, etc. Ն. Գյանջևի; Առաջաբ.՝ Հ. Արասլի; ՍՍՌՄ ԳԱ Ադրբեջանական ֆիլիալ Նիզամիի անվ. գրակ. և լեզվի ին-տ.
260 ## - PUBLICATION, DISTRIBUTION, ETC.
Place of publication, distribution, etc. Բագու :
Name of publisher, distributor, etc. Ազերնեշր,
Date of publication, distribution, etc. 1940.
300 ## - PHYSICAL DESCRIPTION
Extent V-VIII, 38 էջ ;
Dimensions 16 սմ.
500 ## - GENERAL NOTE
General note Տիտղթ.ը՝ զուգ. ադրբեջան. և հայ.
650 14 - SUBJECT ADDED ENTRY--TOPICAL TERM
Topical term or geographic name entry element Ադրբեջանական գրականություն
General subdivision Պոեզիա
700 1# - ADDED ENTRY--PERSONAL NAME
Personal name Արասլի, Հ.
Relator term առաջաբ.
Relationship aui
710 2# - ADDED ENTRY--CORPORATE NAME
Corporate name or jurisdiction name as entry element Նիզամիի անվան գրականության և լեզվի ինստիտուտ ԳԱ ՍՍՌՄ.
Subordinate unit Ադրբեջանական ֆիլիալ
Holdings
Withdrawn status Lost status Damaged status Not for loan Collection Home library Current library Date acquired Total checkouts Full call number Barcode Date last seen Price effective from Koha item type Public note
        General Fundamental Scientific Library Fundamental Scientific Library 22/12/2016   AI/12328 FL0051456 22/12/2016 22/12/2016 Գրքեր / Books 30 Days Loan


ՀՀ ԳԱԱ հիմնարար գիտական գրադարան
ՀՀ,Երևան 0019
Մարշալ Բաղրամյան 24/6
հեռախոս:(374-10) 52-47-50
Հետադարձ կապ

All site content, except where otherwise noted, is licensed under a
Creative Commons License